| 000 | 01145nam0a22002771 4500 | ||
|---|---|---|---|
| 001 | rc\3191568 | ||
| 005 | 20250530093105.0 | ||
| 021 |
_aRU _bП3362-77 |
||
| 035 | _a(NLR Aleph) 007340131 | ||
| 090 |
_a6100414 _c6100414 |
||
| 100 | _a20120628d1975 |||y0rusy50 ca | ||
| 101 | 0 | _arus | |
| 102 | _aRU | ||
| 105 | _aa z ||||| | ||
| 200 | 1 |
_aГорнорудное производство _eВопросы карьерного транспорта _e[Сборник статей] _f[Отв. ред. М.В. Васильев] |
|
| 210 |
_aСвердловск _cБ. и. _d1975 |
||
| 215 |
_a172 с. _cил. _d21 |
||
| 225 | 1 |
_aМинистерство черной металлургии СССР. Труды Института горного дела _vВып. 46 |
|
| 320 | _aБиблиогр. в конце статей | ||
| 702 | 1 |
_4340 _7ca _8rus _aВасильев _bМ. В. _cд-р техн. наук, горное дело _f1908-1986 _gМихаил Владимирович _9257000 _3RU\NLR\AUTH\770257056 |
|
| 801 | 0 |
_aRU _bNLR _gpsbo |
|
| 801 | 1 |
_aRU _bELAR _2rusmarc |
|
| 852 |
_aNLR _jП11/2264 |
||
| 942 | _cBOOK | ||
| 980 | _aNB | ||